000 nam a22 7a 4500
999 _c127690
_d127690
008 180320b xxu||||| |||| 00| 0 eng d
020 _a9782226179555
050 _aPQ2679
_b.I5 D4
100 _aSinger, Christiane
_940738
245 _aDerniers fragments d'un long voyage
_cChristiane Singer
260 _aParis
_bAlbin Michel
_c2008
300 _a135p. ;
_c21cm.
942 _2lcc
_cMONOGRAPH